Student survey on sexual misconduct provides new knowledge

Saved in:  
Bibliographic Details
Main Author: Elger, Dana (Author)
Format: Electronic Article
Language:English
Published: 2019
In:Enthalten in: University Record (2019), Aug 11, 2020
Online Access: Volltext (lizenzpflichtig)
Check availability: HBZ Gateway

MARC

LEADER 00000caa a22000002c 4500
001 1912715163
003 DE-627
005 20250113055036.0
007 cr uuu---uuuuu
008 241217s2019 xx |||||o 00| ||eng c
035 |a (DE-627)1912715163 
035 |a (DE-599)KXP1912715163 
040 |a DE-627  |b ger  |c DE-627  |e rda 
041 |a eng 
084 |a 2,1  |2 ssgn 
100 1 |a Elger, Dana  |e VerfasserIn  |4 aut 
245 1 0 |a Student survey on sexual misconduct provides new knowledge 
264 1 |c 2019 
336 |a Text  |b txt  |2 rdacontent 
337 |a Computermedien  |b c  |2 rdamedia 
338 |a Online-Ressource  |b cr  |2 rdacarrier 
773 0 8 |i Enthalten in  |t University Record  |g (2019), Aug 11, 2020 
773 1 8 |g year:2019  |g number:Aug 11, 2020 
787 0 8 |i Forschungsdaten  |a Association of American Universities  |t Campus Climate Survey on Sexual Assault and Sexual Misconduct, 2014-2019  |d [Erscheinungsort nicht ermittelbar] : [Verlag nicht ermittelbar], 2020  |w (DE-627)1840038837 
787 0 8 |i Forschungsdaten  |a Association of American Universities  |t Campus Climate Survey on Sexual Assault and Sexual Misconduct, 2010-2015  |d [Erscheinungsort nicht ermittelbar] : [Verlag nicht ermittelbar], 2017  |w (DE-627)1840042982 
856 4 0 |u https://record.umich.edu/articles/student-survey-on-sexual-misconduct-provides-new-knowledge/  |x Verlag  |z lizenzpflichtig  |3 Volltext  |7 1 
935 |a mkri 
951 |a AR 
ELC |a 1 
LOK |0 000 xxxxxcx a22 zn 4500 
LOK |0 001 4637680727 
LOK |0 003 DE-627 
LOK |0 004 1912715163 
LOK |0 005 20241217045029 
LOK |0 008 241217||||||||||||||||ger||||||| 
LOK |0 035   |a (DE-2619)ICPSR149575 
LOK |0 040   |a DE-2619  |c DE-627  |d DE-2619 
LOK |0 092   |o n 
LOK |0 852   |a DE-2619 
LOK |0 852 1  |9 00 
LOK |0 935   |a uvkn  |a nacp 
LOK |0 939   |a 17-12-24  |b l01 
ORI |a SA-MARC-krimdoka001.raw